[Event "GER-chT U14"]
[Site "Regensburg"]
[Date "2014.12.28"]
[Round "3.1"]
[White "Nicklaus, Timm"]
[Black "Laubrock, Paul"]
[Result "0-1"]
[WhiteElo "1530"]
[BlackElo "1843"]
[PlyCount "127"]
[EventDate "2014.12.27"]
[EventType "team-swiss"]
[EventRounds "7"]
[EventCountry "GER"]
[SourceTitle "EXT 2016"]
[Source "ChessBase"]
[SourceDate "2015.10.08"]
[SourceVersion "1"]
[SourceVersionDate "2015.10.08"]
[SourceQuality "1"]
[WhiteTeam "Plauen Koenig"]
[BlackTeam "Hagen"]
[WhiteTeamCountry "GER"]
[BlackTeamCountry "GER"]

1. e4 d5 2. exd5 Qxd5 3. Nc3 Qa5 4. d4 Nf6 5. Be3 Bg4 6. Qd2 Nc6 7. f3 Bh5 8. Bb5 0-0-0 9. Bxc6 bxc6 10. Qf2 e5 11. Nge2 Bb4 12. 0-0 Nd5 13. Nxd5 Rxd5 14. a3 Bd2 15. b4 Bxe3 16. Qxe3 exd4 17. Nxd4 Qb6 18. c3 c5 19. Nc2 cxb4 20. Qxb6 cxb6 21. axb4 Rd7 22. Nd4 Kb7 23. Rfe1 Rc8 24. Kf2 a6 25. Re3 Rdc7 26. Rc1 Bg6 27. g4 Rd8 28. Rce1 Rdd7 29. f4 f6 30. Ne6 Rc8 31. f5 Bf7 32. Nxg7 Rg8 33. Re7 Kc7 34. Ne6+ Kd6 35. Rxd7+ Kxd7 36. h3 Rc8 37. Re3 a5 38. bxa5 bxa5 39. h4 a4 40. g5 fxg5 41. Nxg5 Bc4 42. f6 a3 43. Re7+ Kc6 44. Ra7 a2 45. Nf3 Re8 46. Nd4+ Kb6 47. Ra4 Re5 48. Ra8 Ra5 49. Rxa5 Kxa5 50. Nc2 Ka4 51. Ke3 Kb3 52. Kd2 Kb2 53. Kd1 h6 54. Kd2 Bb3 55. h5 Bf7 56. Kd1 Bc4 57. Kd2 Bb3 58. c4 Bxc4 59. Kd1 Bf7 60. Kd2 Bb3 61. Na1 Kxa1 62. Kc1 Bf7 63. Kc2 Bxh5 64. Kd3 0-1